00501cam a22001812 4500001001100000005001700011008004100028020001700069040001500086100002900101245005300130250001200183260002600195300001400221650003500235650004600270852000300316000002084320151217154444.0111021s xx 000 0 eng d a0199533572 : aKABUcKABU1 aStrong, S I.@000018145210aHow to write law essays and exams /cS I Strong. a3rd ed. aOxford :bOUP,c2010. ax, 252 p. 0aLegal composition.@0000153356 0aLawxLanguagezGreat Britain.@00001814531